000 00398nam a22001697a 4500
003 MPLRDC
005 20220104175246.0
008 210129b ||||| |||| 00| 0 eng d
082 _a524.9691 YAH 1983
100 _aHAMZAID YAHYA
245 _aEKONOMI MIKRO
_c
250 _a第八版
260 _a
_bPERCETAKAN POLYGRAPH
_c1983
300 _b
650 _a
942 _cBK
_o524.9691 YAH 1983
999 _c60287
_d60277